Graham Greene Novels Quiz Stats

 Plays Quiz Updated Apr 3, 2020

     
Support Sporcle.
Go Orange.
Score 0/27 Timer 08:00
0 Plays Today
Publication Date Novel % Correct
1938Brighton Rock
75.3%
1955The Quiet American
69.9%
1958Our Man in Havana
69.4%
1940The Power and the Glory
65.6%
1951The End of the Affair
64.7%
1949The Third Man
60.1%
1948The Heart of the Matter
55.5%
1969Travels with My Aunt
54.2%
1966The Comedians
46.8%
1932Stamboul Train
44.6%
1973The Honorary Consul
40.6%
1943The Ministry of Fear
38.3%
1985The Tenth Man
37.9%
1960A Burnt-Out Case
37.7%
Publication Date Novel % Correct
1936A Gun for Sale
36.7%
1935England Made Me
36.2%
1982Monsignor Quixote
34.4%
1978The Human Factor
34%
1929The Man Within
31.4%
1980Doctor Fischer of Geneva
30.4%
1939The Confidential Agent
28.7%
1955Loser Takes All
27.6%
1934It's a Battlfield
25.5%
1988The Captain and the Enemy
24.7%
2005No Man's Land
21.8%
1932Rumour at Nightfall
20.5%
1930The Name of Action
17.6%

From the Vault

American Song Titles

by JoeBeta

Music 4m
If you were Born in the U.S.A., this quiz should be a snap.
Remove Ads.
Support Sporcle.
Get the best of Sporcle when you Go Orange. This ad-free experience offers more features, more stats, and more fun while also helping to support Sporcle. Thank you for becoming a member.

Show Comments

Extras

Top Quizzes Today


Score Distribution

Your Account Isn't Verified!

In order to create a playlist on Sporcle, you need to verify the email address you used during registration. Go to your Sporcle Settings to finish the process.

Report this User

Report this user for behavior that violates our Community Guidelines.

Details: